Catalog

Record Details

Catalog Search



Semper Fi  Cover Image Book Book

Semper Fi / by W.E.B. Griffin.

Griffin, W. E. B. (Author).

Summary:

From Shanghai to Wake Island, the Corps was America's first line of defense as the winds of war exploded into the devastating surprise attack on Pearl Harbor. Now, the bestselling author of the acclaimed Brotherhood of war saga brings to life the men of the Marine Corps--their loves and their loyalties--as they steeled themselves for battle, and prepared to make the ultimate sacrifice ...

Record details

  • ISBN: 0515087491
  • ISBN: 9780515087499
  • Physical Description: 344 pages ; 18 cm.
  • Publisher: New York : Jove, 1986.
Subject: United States. Marine Corps > Fiction.
World War, 1939-1945 > Fiction.
Genre: Thrillers (Fiction)
Romance fiction.
Action and adventure fiction.
Historical fiction.
Bildungsromans.
War fiction.

Available copies

  • 2 of 2 copies available at scottsboropl.

Holds

  • 0 current holds with 2 total copies.
Show Only Available Copies
Location Call Number / Copy Notes Barcode Shelving Location Status Due Date
scottsboropl F Gri 32269001126021 Adult - Fiction Available -
scottsboropl F Gri 32269001199911 Storage - Adult Available -

LDR 01606cam a2200397Ia 4500
001151903
003SBPL
00520221003211144.0
008861024s1986 nyu j 000 1 eng d
010 . ‡a 98818644
020 . ‡a0515087491 ‡q(pbk.)
020 . ‡a9780515087499 ‡q(pbk.)
035 . ‡a(CONS)151903
035 . ‡a(CPomAG)LMN613434
043 . ‡an-us---
05014. ‡aPS3557.R489137 ‡bS4 1986
08204. ‡a[Fic] ‡222
096 . ‡aNo local call number
1001 . ‡aGriffin, W. E. B.
24510. ‡aSemper Fi / ‡cby W.E.B. Griffin.
260 . ‡aNew York : ‡bJove, ‡c1986.
300 . ‡a344 pages ; ‡c18 cm.
336 . ‡atext ‡btxt ‡2rdacontent
337 . ‡aunmediated ‡bn ‡2rdamedia
338 . ‡avolume ‡bnc ‡2rdacarrier
4901 . ‡aThe Corps ; ‡vBk 1
520 . ‡aFrom Shanghai to Wake Island, the Corps was America's first line of defense as the winds of war exploded into the devastating surprise attack on Pearl Harbor. Now, the bestselling author of the acclaimed Brotherhood of war saga brings to life the men of the Marine Corps--their loves and their loyalties--as they steeled themselves for battle, and prepared to make the ultimate sacrifice ...
61010. ‡aUnited States. ‡bMarine Corps ‡vFiction.
650 0. ‡aWorld War, 1939-1945 ‡vFiction.
655 7. ‡aThrillers (Fiction) ‡2lcgft
655 7. ‡aRomance fiction. ‡2lcgft
655 7. ‡aAction and adventure fiction. ‡2lcgft
655 7. ‡aHistorical fiction. ‡2gsafd
655 7. ‡aBildungsromans. ‡2lcgft
655 7. ‡aWar fiction. ‡2lcgft
830 0. ‡aGriffin, W.E.B.: ‡tCorps ; ‡vBk 1.
901 . ‡a151903 ‡bUnknown ‡c151903 ‡tbiblio

Additional Resources